| 000 | 01549nam0a22003251 4500 | ||
|---|---|---|---|
| 001 | rc\4305796 | ||
| 005 | 20250612043453.0 | ||
| 021 |
_aRU _b[67-85730] |
||
| 035 | _a(NLR Aleph) 008505017 | ||
| 090 |
_a8133137 _c8133137 |
||
| 100 | _a20130416d1967 |||y0rusy50 ca | ||
| 101 | 0 | _arus | |
| 102 | _aRU | ||
| 105 | _aa z ||||| | ||
| 200 | 1 |
_aЭлектромонтер по распределительным устройствам промышленных предприятий _e[Учеб. пособие для проф.-техн. училищ и индивидуального и бригадного обучения рабочих на производстве] |
|
| 210 |
_aМосква _cВысш. школа _d1967 |
||
| 215 |
_a240 с. _cил. _d22 |
||
| 300 | _aНа пер. авт. не указаны | ||
| 300 | _aПеред загл. авт.: Е.А. Венецианов, М.С. Живов, Б.А. Делибаш. | ||
| 320 | _aБиблиогр.: с. 238 | ||
| 606 |
_aЭлектрические распределительные устройства _xМонтаж _jУчебники и пособия _2psbo |
||
| 700 | 1 |
_aВенецианов _bЕ.А. _gЕвгений Андреевич |
|
| 701 | 1 |
_aЖивов _bМ.С. _gМихаил Семенович |
|
| 701 | 1 |
_4070 _7ca _8rus _aДелибаш _bБ. А. _f1908-1978 _gБорис Апостолович _92642907 _3RU\NLR\AUTH\770273075 |
|
| 801 | 0 |
_aRU _bNLR _gpsbo |
|
| 801 | 1 |
_aRU _bELAR _2rusmarc |
|
| 852 |
_aNLR _j67-5/4891 |
||
| 942 | _cBOOK | ||
| 980 | _aNB | ||